| 000 | 01235nam a2200349Ia 4500 | ||
|---|---|---|---|
| 001 | dia_5627 | ||
| 003 | CHAP | ||
| 005 | 20240213135203.0 | ||
| 007 | ta | ||
| 008 | 220117s1997 mx d fr 001 0 spa d | ||
| 040 |
_cCHAP _amxchpua |
||
| 090 |
_aT.C.232 _bG66 SAI _c1997 |
||
| 245 | 1 | 0 |
_aSistema agroindustrial cítricos en la costa de Oaxaca / _ccoordinador Adalberto Gómez Cruz ; colaboradores Alipio Arciniega López...[et al.] |
| 260 |
_aMéxico : _bEl autor, _c1997 |
||
| 300 |
_acerca 120 hojas : _bgráficas, diagramas, tablas |
||
| 336 |
_2rdacontent _atexto _btxt |
||
| 337 |
_2rdamedia _asin medio _bn |
||
| 338 |
_2rdacarrier _avolumen _bnc |
||
| 502 |
_aViaje de Estudios _b(SAI) -- _cUACh. Departamento de Ingeniería Agroindustrial, _d1997 |
||
| 504 | _aIncluye bibliografía | ||
| 650 | 1 | 3 |
_aCítricos _xIndustria _9159183 _zOaxaca |
| 650 | 1 | 3 |
_aCitrus fruits _xIndustry _9159184 _zOaxaca |
| 700 | 1 |
_aGómez Cruz, Adalberto _9147645 _ecoordinador |
|
| 700 | 1 |
_aArciniega López, Alipio _96830 _ecolaborador |
|
| 901 | _aT.C.232 G66 SAI 1997 | ||
| 902 | _aM | ||
| 905 | _a5332271997 mx nm 8223123322spa16 | ||
| 942 | _2local | ||
| 942 | _cVE | ||
| 999 |
_c176606 _d176606 |
||